Barricada internacional Revista Sandinista de Información General

Furkejuvvon:
Bibliográfalaš dieđut
Searvvušdahkki: Frente Sandinista de Liberación Nacional
Materiálatiipa: Girji
Giella:Spanish
Almmustuhtton: Managua, Nicaragua Barricada iIternacional
Fáttát:
Fáddágilkorat: Lasit fáddágilkoriid
Eai fáddágilkorat, Lasit vuosttaš fáddágilkora!

MARC

LEADER 00000nam a22000007a 4500
003 cru IIS
005 20211110112759.0
008 211110bs.f |||||||| |||| 00| 0 spa d
040 |c cru CRAI-IIS 
090 |a REV 1410 
110 1 |9 10136  |a Frente Sandinista de Liberación Nacional. 
245 |a Barricada internacional  |b Revista Sandinista de Información General  |c Frente Sandinista de Liberación Nacional. 
260 |a Managua, Nicaragua  |b Barricada iIternacional 
362 |a Mensual 
650 0 |9 3323  |a PROGRAMAS DE DESARROLLO 
650 0 |9 5739  |a GOBIERNO MILITAR 
650 0 |9 3784  |a POLITICAS PUBLICAS  
650 0 |9 852  |a POLITICAS SOCIALES 
942 |2 z  |c PP  |h REV 1410  |6 REV_1410 
999 |c 43964  |d 43964